Southville International School and Colleges
Your cart is empty.
  • Cart
  • Lists
    Public lists Eva Luna New books Lux_list list_1
    Your lists Log in to create your own lists
  • Log in to your account
  • Your cookies
  • Search history
Southville International School and Colleges
  • Advanced search
  • Recent comments
  • Most popular
  • Libraries

Log in to your account

Log in with GOOGLE


If you do not have an external account, but do have a local account, you can still log in:

  1. Home
  2. MARC view: Dragon's nest /
Normal view MARC view ISBD view

Dragon's nest / (Record no. 33652)

[ view plain ]
MARC details
000 -LEADER
fixed length control field 00682nam a22002537a 4500
003 - CONTROL NUMBER IDENTIFIER
control field OSt
005 - DATE AND TIME OF LATEST TRANSACTION
control field 20140310184330.0
008 - FIXED-LENGTH DATA ELEMENTS--GENERAL INFORMATION
fixed length control field 131003t xxu||||| |||| 00| 0 eng d
020 ## - INTERNATIONAL STANDARD BOOK NUMBER
International Standard Book Number 0439633737
050 ## - LIBRARY OF CONGRESS CALL NUMBER
Classification number PZ 7
Item number .R686d1 2004
100 ## - MAIN ENTRY--PERSONAL NAME
Personal name Rodda, Emily
9 (RLIN) 20594
245 ## - TITLE STATEMENT
Title Dragon's nest /
Statement of responsibility, etc Rodda, Emily
260 ## - PUBLICATION, DISTRIBUTION, ETC. (IMPRINT)
Place of publication, distribution, etc New York :
Name of publisher, distributor, etc Scholastic Inc.,
Date of publication, distribution, etc 2003.
300 ## - PHYSICAL DESCRIPTION
Extent 181 p. :
Other physical details ill. ;
Dimensions 19 cm.
490 ## - SERIES STATEMENT
Series statement Dragons of deltora
521 ## - TARGET AUDIENCE NOTE
Target audience note
526 ## - STUDY PROGRAM INFORMATION NOTE
Reading level 790
650 ## - SUBJECT ADDED ENTRY--TOPICAL TERM
Topical term or geographic name as entry element Dragons
General subdivision Juvenile fiction.
9 (RLIN) 23799
650 ## - SUBJECT ADDED ENTRY--TOPICAL TERM
Topical term or geographic name as entry element Children's stories.
9 (RLIN) 3210
650 ## - SUBJECT ADDED ENTRY--TOPICAL TERM
Topical term or geographic name as entry element Dragons
General subdivision Fiction.
9 (RLIN) 23800
942 ## - ADDED ENTRY ELEMENTS (KOHA)
Source of classification or shelving scheme Library of Congress Classification
Koha item type
Holdings
Withdrawn status Lost status Source of classification or shelving scheme Damaged status Home library Current library Shelving location Date acquired Total Checkouts Full call number Barcode Date last seen Copy number Price effective from Koha item type
    Library of Congress Classification   Luxembourg Library Luxembourg Library Scholastic Reading Center Section 10/03/2013   PZ 7 .R686d1 2004 LEX0251 04/18/2017 1 01/30/2014 Books
    Library of Congress Classification   Luxembourg Library Luxembourg Library Scholastic Reading Center Section 10/16/2013   PZ 7 .R686d1 2004 SCHO0688 04/18/2017 2 01/30/2014 Books

Dragon's nest /

APA

Rodda E., . (2003). Dragon's nest. New York: Scholastic Inc.

Chicago

Rodda Emily, . 2003. Dragon's nest. New York: Scholastic Inc.

Harvard

Rodda E., . (2003). Dragon's nest. New York: Scholastic Inc.

MLA

Rodda Emily, . Dragon's nest. New York: Scholastic Inc. 2003.

  • Place hold
  • Print
  • Cite
  • Add to your cart (remove)
  • Save record
    BIBTEX Dublin Core MARCXML MARC (non-Unicode/MARC-8) MARC (Unicode/UTF-8) MARC (Unicode/UTF-8, Standard) MODS (XML) RIS
  • More searches
    Search for this title in:
    Other Libraries (WorldCat) Other Databases (Google Scholar) Online Stores (Bookfinder.com) Open Library (openlibrary.org)

Exporting to Dublin Core...

SOUTHVILLE LIBRARY

Southville International School and Colleges Library

1281 Tropical Ave. Cor. Luxembourg St., BF Homes International, Las Pinas City

Tel. No. 8256374 / 252358 Loc. 117/146

Powered by Koha